[Event "It (open)"]
[Site "masterchessopen.com Biel (Switzerland)"]
[Round "7"]
[White "Sturua Zurab (GEO)"]
[Black "Pikula Dejan (SRB)"]
[Result "1-0"]
[WhiteElo "2600"]
[BlackElo "2430"]

1.d4 Nf6 2.c4 g6 3.Nf3 Bg7 4.g3 O-O 5.Bg2 d6 6.Nc3 Nc6 7.O-O a6 8.h3 Rb8 9.a4
Na5 10.b3 c5 11.Bd2 Qb6 12.dxc5 dxc5 13.Bf4 Ra8 14.Nd2 Be6 15.Nd5 Bxd5 16.cxd5
Nh5 17.Be3 f5 18.b4 Qxb4 19.Rb1 Qa3 20.Nb3 Qxa4 21.Bxc5 Rf7 22.d6 exd6 23.Bd5
dxc5 24.Bxf7+ Kxf7 25.Nxa5 Qxa5 26.Rxb7+ Kf6 27.Qd6+ Kg5 28.f4+ Kh6 29.g4 Nxf4
30.Qxf4+ {#r} 1-0

[Event "It (cat.2)"]
[Site "masterchessopen.com Budapest (Hungary)"]
[Round "9"]
[White "Pham Minh Hoang (VIE)"]
[Black "Baches Garcia Guillermo (ESP)"]
[Result "1-0"]
[WhiteElo "2245"]
[BlackElo "2325"]

1.c4 Nf6 2.Nc3 g6 3.g3 Bg7 4.Bg2 O-O 5.Nf3 d6 6.d4 Nc6 7.O-O a6 8.b3 Rb8 9.Bb2
Bd7 10.Rc1 Re8 11.Qd2 b5 12.cxb5 axb5 13.d5 Na5 14.Nd4 e5 15.dxe6 fxe6
16.Ncxb5 Nxb3 17.axb3 Bxb5 18.Nxb5 Rxb5 19.Bc6 Rxb3 20.Bxf6 Bxf6 21.Bxe8 Qxe8
22.Rxc7 d5 23.Rfc1 Rb8 24.Qh6 Be7 25.h4 Qf8 26.Qxf8+ Bxf8 27.R1c6 e5 28.Rc8
{#r} 1-0

[Event "It (open) \"]
[Site "masterchessopen.com Budapest (Hungary)"]
[Round "1"]
[White "Peneder Hans (AUT)"]
[Black "Fleger Herbert (GER)"]
[Result "1-0"]
[WhiteElo "2024"]
[BlackElo "2185"]

1.c4 Nf6 2.Nc3 g6 3.g3 Bg7 4.Bg2 d6 5.d4 O-O 6.Nf3 Nc6 7.O-O a6 8.b3 Rb8 9.Bb2
b5 10.cxb5 axb5 11.d5 Na7 12.Qd4 c5 13.dxc6 Nxc6 14.Qd2 Qa5 15.Rfd1 Bb7 16.e3
Rfc8 17.Ne2 Qa8 18.Ne1 Nd8 19.f3 Ne6 20.Nd4 Nxd4 21.Bxd4 Rc7 22.a4 b4 23.Rac1
Rxc1 24.Rxc1 e5 25.Ba1 e4 26.Qxd6 Rd8 {#r} 1-0

[Event "Ch Argentina (1/2 final)"]
[Site "masterchessopen.com Buenos Aires (Argentina)"]
[Round "8"]
[White "Ripari Marcelo (ARG)"]
[Black "Ginzburg Maximiliano (ARG)"]
[Result "0-1"]
[WhiteElo "2310"]
[BlackElo "2490"]

1.Nf3 g6 2.d4 Bg7 3.g3 Nf6 4.Bg2 O-O 5.O-O d6 6.c4 Nc6 7.Nc3 a6 8.b3 Rb8 9.Bb2
b5 10.cxb5 axb5 11.Rc1 b4 12.Na4 Na5 13.Qc2 c6 14.e4 Ba6 15.Rfe1 Bb5 16.e5 Nd5
17.e6 f5 18.Nd2 f4 19.Be4 Bh6 20.Rcd1 Qc8 21.Nc4 Nxc4 22.bxc4 Bxa4 23.Qxa4 Nc3
24.Bxc3 bxc3 25.Rd3 d5 26.Bf3 fxg3 27.hxg3 Bd2 28.Re5 Qb7 {#R} 0-1

[Event "It"]
[Site "masterchessopen.com Cali (Colombia)"]
[Round "5"]
[White "Corradine Jorge (COL)"]
[Black "Mendoza Rafael (COL)"]
[Result "1-0"]
[WhiteElo "2162"]
[BlackElo "2340"]

1.Nf3 Nf6 2.g3 g6 3.Bg2 Bg7 4.O-O O-O 5.d4 d6 6.c4 Nc6 7.Nc3 a6 8.h3 Rb8 9.a4
Na5 10.b3 c5 11.Be3 b6 12.Re1 Bb7 13.d5 e6 14.Nd2 exd5 15.cxd5 b5 {#r} 1-0

[Event "Ch Vietnam (team)"]
[Site "masterchessopen.com Can Tho (Vietnam))"]
[Round "5"]
[White "Nguyen Sy Hung (VIE)"]
[Black "Nguyen Van Huy (VIE)"]
[Result "1-0"]
[WhiteElo "2043"]
[BlackElo "2449"]

1.Nf3 Nf6 2.g3 g6 3.Bg2 Bg7 4.O-O O-O 5.d4 d6 6.c4 Nc6 7.Nc3 a6 8.b3 Rb8 9.Bb2
b5 10.d5 Na5 11.cxb5 axb5 12.Rc1 e6 13.b4 Nc4 14.Ba1 exd5 15.Nxd5 Ne8 16.a4 c6
17.Nc3 Qb6 18.Ne4 h6 19.e3 Nc7 20.a5 Qa7 21.Nfd2 {#r} 1-0

[Event "Extra League 1997/98"]
[Site "masterchessopen.com Czech Republic"]
[Round "10"]
[White "Jirovsky Milos (CZE)"]
[Black "Mista Ladislav (CZE)"]
[Result "1-0"]
[WhiteElo "2435"]
[BlackElo "2295"]

1.Nf3 g6 2.c4 Bg7 3.Nc3 d6 4.d4 Nf6 5.g3 O-O 6.Bg2 Nc6 7.O-O a6 8.b3 Rb8 9.Nd5
Re8 10.Bb2 Bd7 11.Ne3 e5 12.dxe5 dxe5 13.Qc2 Ng4 14.Nd5 Nd4 15.Nxd4 exd4 16.c5
Bc6 17.Nf4 Bxg2 18.Kxg2 Qd7 19.Rfd1 Rbd8 20.c6 bxc6 21.h3 Nh6 22.Rac1 Nf5
23.e4 Nd6 24.Bxd4 Rxe4 25.Bxg7 Kxg7 26.Rxd6 {#r} 1-0

[Event "Ch SWH "]
[Site "masterchessopen.com Germany"]
[Round "4"]
[White "Klueners Juergen (GER)"]
[Black "Hausmann Ilka (GER)"]
[Result "1-0"]
[WhiteElo "2145"]
[BlackElo "2113"]

1.Nf3 Nf6 2.d4 d6 3.c4 g6 4.Nc3 Bg7 5.g3 O-O 6.Bg2 Nc6 7.O-O a6 8.h3 e5 9.dxe5
dxe5 10.Bg5 Be6 11.Qa4 Qc8 12.Bxf6 Bxf6 13.Nd5 Bd8 14.Kh2 f6 15.Rad1 Ne7
16.Qb4 Kf7 17.Qc3 Ng8 18.Nd2 c6 19.Ne4 Qb8 20.Ne3 Bc7 21.c5 Ne7 22.Nd6+ Bxd6
23.Rxd6 Nc8 24.Rd2 Qc7 25.Rfd1 Na7 26.Nc4 Nb5 27.Qb4 Bxc4 28.Rd7+ {#r} 1-0

[Event "Oberliga East 1997/98"]
[Site "masterchessopen.com Germany"]
[Round "7"]
[White "Klemm Dietmar (GER)"]
[Black "Maiwald Harald (GER)"]
[Result "1-0"]
[WhiteElo "2195"]
[BlackElo "2132"]

1.d4 Nf6 2.Nf3 g6 3.c4 Bg7 4.Nc3 O-O 5.g3 d6 6.Bg2 Nc6 7.O-O a6 8.Qc2 Rb8 9.d5
Na5 10.Nd2 c5 11.a3 Qc7 12.Nd1 b5 13.cxb5 axb5 14.b4 Nb7 15.Bb2 e6 16.Ne3 e5
17.Rac1 Nd7 18.a4 bxa4 19.Qxa4 Nd8 20.Ba3 Qb6 21.bxc5 Nxc5 22.Bxc5 dxc5 23.Rb1
Qc7 24.d6 Qxd6 25.Ndc4 Qc7 26.Nd5 {#r} 1-0

[Event "It (open) \"]
[Site "masterchessopen.com Hawaii (USA)"]
[Round "9"]
[White "Ippolito Dean (USA)"]
[Black "Paragua Mark (PHI)"]
[Result "1-0"]
[WhiteElo "2430"]
[BlackElo "2260"]

1.d4 Nf6 2.c4 g6 3.Nf3 Bg7 4.g3 O-O 5.Bg2 d6 6.O-O Nc6 7.Nc3 a6 8.h3 Rb8 9.e4
e5 10.Be3 Bd7 11.Rc1 exd4 12.Nxd4 Nxd4 13.Bxd4 c5 14.Be3 Be6 15.Qe2 Nd7
16.Rfd1 Qe7 17.f4 f5 18.exf5 gxf5 19.Bf2 Rfe8 20.Qd3 Nb6 21.Qxd6 Nxc4 22.Qxe7
Rxe7 23.Nd5 Rd7 24.Rxc4 Rbd8 25.Rxc5 b6 26.Rcc1 Bxd5 27.Bxb6 {#r} 1-0

[Event "Ch Hungary (team) 1998/99 (2 liga)"]
[Site "masterchessopen.com Hungary"]
[Round "0"]
[White "Demeny Antal (HUN)"]
[Black "Kovacs Istvan (HUN)"]
[Result "1-0"]
[WhiteElo "2085"]
[BlackElo "2200"]

1.c4 d6 2.d4 g6 3.Nc3 Bg7 4.Nf3 Nf6 5.g3 O-O 6.Bg2 a6 7.O-O Nc6 8.h3 Rb8 9.e4
b5 10.e5 Ne8 11.cxb5 axb5 12.Bf4 Bd7 13.Re1 b4 14.Nd5 Rb5 15.Ne3 dxe5 16.Nxe5
Nb8 17.a4 bxa3 18.bxa3 Nd6 19.a4 Ra5 20.N3c4 Ra7 21.a5 Bb5 22.Qb3 Nxc4 23.Nxc4
Bxc4 24.Qxc4 Bxd4 25.Ra4 c5 26.Qb5 Nd7 27.Bd2 Ne5 28.Bh6 Nd3 29.Re2 Nb2
30.Rxb2 {#r} 1-0

[Event "It (open)"]
[Site "masterchessopen.com Klatovy (Czech Republic)"]
[Round "0"]
[White "Vorsilka Jiri"]
[Black "Folk Petr (CZE)"]
[Result "0-1"]
[WhiteElo "1955"]
[BlackElo "2250"]

1.Nf3 Nf6 2.c4 g6 3.Nc3 Bg7 4.g3 O-O 5.Bg2 d6 6.O-O Nc6 7.d4 a6 8.d5 Na5 9.Qd3
c5 10.e4 Rb8 11.Rb1 b5 12.Nd2 Nd7 13.f4 bxc4 14.Nxc4 Nxc4 15.Qxc4 Rb4 16.Qd3
Qb6 17.Qf3 a5 18.Kh1 Ba6 19.Re1 Qb7 20.b3 Rb8 21.Ba3 Rd4 22.Bf1 Bxf1 23.Rxf1
Qa6 24.Rbd1 Rxd1 25.Rxd1 c4 26.Na4 Qb5 27.Qf1 cxb3 28.axb3 Qxf1+ 29.Rxf1 Rxb3
30.Bc1 Rb4 {#R} 0-1

[Event "Ch Poland (juniors) (under 12)"]
[Site "masterchessopen.com Krynica (Poland)"]
[Round "0"]
[White "Szablewski Mikolaj (POL)"]
[Black "Krysztofiak Marcin (POL)"]
[Result "1-0"]
[WhiteElo "2031"]
[BlackElo "2055"]

1.g3 Nf6 2.Bg2 g6 3.c4 Bg7 4.d4 O-O 5.Nc3 d6 6.Nf3 Nc6 7.O-O a6 8.h3 Rb8 9.Be3
b5 10.cxb5 axb5 11.d5 Na5 12.Nd4 b4 13.Na4 Bb7 14.Nc6 Bxc6 15.dxc6 Nc4 16.Bd4
Qc8 17.b3 e5 18.bxc4 exd4 19.c5 Ne8 20.Rb1 Qf5 21.Qd3 Qxd3 22.exd3 Rb5 23.Rfc1
Bh6 24.Rc2 Bg5 25.h4 Be7 26.Re2 Bf6 27.Rbe1 {#r} 1-0

[Event "Ch Poland (juniors) (under 12)"]
[Site "masterchessopen.com Krynica (Poland)"]
[Round "0"]
[White "Szablewski Mikolaj (POL)"]
[Black "Kuzmicz Krystian (POL)"]
[Result "1-0"]
[WhiteElo "2031"]
[BlackElo "2442"]

1.d4 Nf6 2.c4 g6 3.Nc3 Bg7 4.Nf3 O-O 5.g3 d6 6.Bg2 Nc6 7.O-O a6 8.Qc2 Rb8 9.h3
Bd7 10.Be3 b5 11.cxb5 axb5 12.d5 Na5 13.Nd2 c5 14.dxc6 Nxc6 15.Rfc1 e6 16.Nb3
Qe7 17.Qd3 Ne5 18.Qd1 Nc4 19.Ba7 Rbc8 20.Nd4 d5 21.b3 Nd6 22.b4 Nb7 23.Rab1
Rc4 24.Ncxb5 Bxb5 25.Nxb5 Rxb4 26.Rc7 Rxb1 27.Qxb1 Qd8 28.Rxb7 Ne8 29.Rb8 {#r}
1-0

[Event "It (open) \"]
[Site "masterchessopen.com Leipzig (Germany)"]
[Round "5"]
[White "Lamb Harry (ENG)"]
[Black "Eichner Sebastian (GER)"]
[Result "1-0"]
[WhiteElo "2102"]
[BlackElo "2321"]

1.Nf3 Nf6 2.g3 g6 3.Bg2 Bg7 4.O-O O-O 5.c4 d6 6.d4 a6 7.Nc3 Nc6 8.d5 Na7 9.Qd4
c5 10.Qh4 b5 11.Bh6 Bd7 12.Ng5 Nh5 13.Bxg7 Kxg7 14.g4 Nf6 15.Nce4 h6 16.Nxf6
hxg5 17.Qh7+ Kxf6 18.f4 Bxg4 19.fxg5+ Ke5 20.Qh4 f5 21.gxf6 Bf5 22.fxe7 Qd7
23.exf8=Q Rxf8 24.e4 Qd8 25.Qf4+ Kf6 26.exf5 Kg7 27.f6+ Kg8 28.Rae1 Nc8 29.Qg5
Kh7 30.Re3 {#r} 1-0

[Event "Ch France (seniors)"]
[Site "masterchessopen.com Meribel (France)"]
[Round "8"]
[White "Laval Hubert (FRA)"]
[Black "Vaisman Volodia (FRA)"]
[Result "0-1"]
[WhiteElo "1734"]
[BlackElo "2385"]

1.Nf3 d6 2.d4 g6 3.g3 Bg7 4.Bg2 Nf6 5.c4 O-O 6.O-O a6 7.Nc3 Nc6 8.e4 Bg4 9.h3
Bxf3 10.Bxf3 Nd7 11.Be3 e5 12.Ne2 Qf6 13.Bg4 exd4 14.Bxd7 dxe3 15.fxe3 Qg5
16.Rf4 Ne5 17.Qd5 Qe7 18.Bg4 c6 {#R} 0-1

[Event "It (open)"]
[Site "masterchessopen.com Paris (France)"]
[Round "3"]
[White "Kogan Artur (ISR)"]
[Black "Moracchini Fabrice (FRA)"]
[Result "1-0"]
[WhiteElo "2485"]
[BlackElo "2315"]

1.c4 Nf6 2.Nc3 g6 3.g3 Bg7 4.Bg2 O-O 5.Nf3 d6 6.d4 Nc6 7.O-O a6 8.h3 Rb8 9.Be3
Nd7 10.Qc1 Re8 11.Rd1 Nf6 12.Bg5 Na5 13.c5 Bf5 14.g4 Bd7 15.e4 h5 16.Bxf6 Bxf6
17.gxh5 Bg7 18.hxg6 fxg6 19.Qg5 e5 20.Qxg6 Re6 21.Qg3 Qe8 22.Nd5 Rg6 23.Qxg6
{#r} 1-0

[Event "It (open)"]
[Site "masterchessopen.com Polanica Zdroj (Poland)"]
[Round "0"]
[White "Vaulin Alexander (RUS)"]
[Black "Antoniewski Rafal (POL)"]
[Result "1-0"]
[WhiteElo "2550"]
[BlackElo "2430"]

1.d4 Nf6 2.c4 g6 3.g3 Bg7 4.Bg2 O-O 5.Nf3 d6 6.O-O Nc6 7.Nc3 a6 8.e3 Rb8 9.Qe2
b5 10.Rd1 Na5 11.cxb5 axb5 12.b4 Nc6 13.Rb1 Na7 14.e4 Nd7 15.Bb2 Nb6 16.Ba1
Bd7 17.d5 e5 18.dxe6 fxe6 19.e5 d5 20.Ne1 Qe8 21.Nd3 Nc4 22.a4 Kh8 23.a5 c5
24.Nxc5 Nxe5 25.Nxd5 exd5 26.Bxe5 Bf5 27.Bxg7+ Kxg7 28.Qb2+ {#r} 1-0

[Event "It (open)"]
[Site "masterchessopen.com Saint-Raphael (France)"]
[Round "0"]
[White "Collareta Giovanni (ITA)"]
[Black "Safranska Anda (LAT)"]
[Result "1-0"]
[WhiteElo "2092"]
[BlackElo "2275"]

1.c4 Nf6 2.Nf3 g6 3.g3 Bg7 4.Bg2 d6 5.O-O O-O 6.Nc3 Nc6 7.d4 a6 8.h3 Bd7 9.Be3
Rb8 10.Nd2 e5 11.dxe5 dxe5 12.Nd5 Nd4 13.Bg5 Ne6 14.Bxf6 Bxf6 15.Nxf6+ Qxf6
16.Ne4 {#r} 1-0

[Event "It (open)"]
[Site "masterchessopen.com Schaan (Liechtenstein)"]
[Round "7"]
[White "Czebe Attila (HUN)"]
[Black "Lane Gary W (AUS)"]
[Result "1-0"]
[WhiteElo "2455"]
[BlackElo "2405"]

1.c4 Nf6 2.d4 g6 3.g3 Bg7 4.Bg2 O-O 5.Nc3 d6 6.Nf3 Nc6 7.O-O a6 8.Qc2 Rb8
9.Rd1 Bd7 10.e4 b5 11.c5 dxc5 12.dxc5 e5 13.Bg5 Qc8 14.Nd5 Nh5 15.Ne1 f6
16.Be3 f5 17.exf5 Bxf5 18.Qe2 Bg4 19.f3 Be6 20.f4 Kh8 21.Bf3 exf4 22.Nxf4 Re8
23.Nfg2 Bd5 24.Rxd5 Ne7 25.Rd3 Nf5 26.Rad1 Nf6 27.Bc6 Re6 28.Qf3 Nxe3 29.Nxe3
Qf8 {#r} 1-0

[Event "It (open)"]
[Site "masterchessopen.com St. Ingbert (Germany)"]
[Round "4"]
[White "Blechzin Igor (RUS)"]
[Black "Steinmacher Josef (GER)"]
[Result "1-0"]
[WhiteElo "2400"]
[BlackElo "2007"]

1.d4 Nf6 2.Nf3 g6 3.c4 Bg7 4.g3 O-O 5.Bg2 d6 6.O-O Nc6 7.Nc3 a6 8.d5 Na5 9.Nd2
c5 10.a3 Qc7 11.Qc2 Bd7 12.b3 Rab8 13.a4 e6 14.dxe6 fxe6 15.Bb2 Nc6 16.e3 Nb4
17.Qb1 d5 18.Na2 Nc6 19.Nc1 Qd6 20.a5 Bh6 21.f4 Bg7 22.Rd1 dxc4 23.bxc4 Ng4
24.Bxg7 Kxg7 25.Qb2+ e5 26.Qc3 Rf6 27.Ne4 {#r} 1-0

[Event "It (open)"]
[Site "masterchessopen.com St. Veit (Austria)"]
[Round "9"]
[White "Kiss Attila (HUN)"]
[Black "Becker Christoph (AUT)"]
[Result "1-0"]
[WhiteElo "2340"]
[BlackElo "2156"]

1.d4 Nf6 2.c4 g6 3.Nf3 Bg7 4.g3 O-O 5.Bg2 d6 6.O-O Nc6 7.Nc3 a6 8.Bd2 Bg4 9.d5
Bxf3 10.exf3 Ne5 11.b3 c5 12.dxc6 Nxc6 13.Rc1 Rb8 14.f4 Nd7 15.Nd5 Nc5 16.Be3
e6 17.Nc3 Qa5 18.Qd2 Rfd8 19.Rfd1 Nb4 20.Nb1 b6 21.Bxc5 dxc5 22.Qxd8+ Rxd8
23.Rxd8+ Bf8 24.a3 b5 25.Rcd1 {#r} 1-0

[Event "It (open)"]
[Site "masterchessopen.com Ubeda (Spain)"]
[Round "2"]
[White "Khurtsidze Nino (GEO)"]
[Black "Lobzhanidze Davit (GEO)"]
[Result "1-0"]
[WhiteElo "2375"]
[BlackElo "2455"]

1.d4 Nf6 2.c4 g6 3.Nf3 Bg7 4.g3 O-O 5.Bg2 d6 6.O-O a6 7.Nc3 Nc6 8.e3 Bf5 9.Qe2
Ne4 10.Nd1 Nf6 11.d5 Nb8 12.Nc3 Ne4 13.Nxe4 Bxe4 14.Bh3 c6 15.Nh4 g5 16.Bf5
cxd5 17.cxd5 Bxd5 18.e4 Bc4 19.Qh5 h6 20.Bxg5 Re8 21.Bxh6 e6 22.Bg5 Qd7
23.Bh7+ Kh8 24.Ng6+ {#r} 1-0

[Event "It (open)"]
[Site "masterchessopen.com Basel (Switzerland)"]
[Round "6"]
[White "Ammann Walter (SUI)"]
[Black "Pikula Dejan (SRB)"]
[Result "1-0"]
[WhiteElo "2231"]
[BlackElo "2480"]

1.d4 Nf6 2.Nf3 g6 3.g3 Bg7 4.Bg2 O-O 5.O-O d6 6.c4 Nc6 7.Nc3 a6 8.h3 Rb8 9.Be3
e6 10.Rc1 Ne7 11.Qd3 b5 12.cxb5 axb5 13.b4 Bb7 14.Bd2 Nfd5 15.Nxd5 Bxd5 16.Qc3
Bc4 17.Rfe1 c5 18.a4 Nd5 19.Qb2 Nxb4 20.Bxb4 cxb4 21.Qxb4 d5 22.e3 bxa4
23.Qxa4 Rb2 24.Ne5 Bxe5 25.dxe5 Qg5 26.Qa5 Qxe5 27.Rxc4 Rfb8 28.Qc7 Rb1 {#r}
1-0

[Event "It (open)"]
[Site "masterchessopen.com Berlin (Germany)"]
[Round "2"]
[White "Boewer Roland (GER)"]
[Black "Von Loehnysen Leonard (GER)"]
[Result "1-0"]
[WhiteElo "2188"]
[BlackElo "1978"]

1.Nf3 Nf6 2.g3 g6 3.Bg2 Bg7 4.O-O O-O 5.c4 d6 6.d4 Nc6 7.Nc3 a6 8.d5 Na5 9.Nd2
c5 10.a3 Qc7 11.e4 Bd7 12.Qe2 Rfc8 13.Re1 Ng4 14.h3 Nh6 15.Bf1 b5 16.cxb5 axb5
17.Nxb5 Bxb5 18.Qxb5 Rcb8 19.Qd3 f5 20.Rb1 fxe4 21.Qxe4 Bf6 22.g4 Nf7 23.Nf3
Ne5 24.Nxe5 Bxe5 25.b4 cxb4 26.axb4 Nb7 27.Be3 Ra2 28.Rec1 Qd7 29.Qc4 Raa8
30.Qc6 {#r} 1-0

[Event "It (cat.3)"]
[Site "masterchessopen.com Budapest (Hungary)"]
[Round "2"]
[White "Farago Sandor (HUN)"]
[Black "Kiss Gedeon (HUN)"]
[Result "0-1"]
[WhiteElo "2295"]
[BlackElo "2326"]

1.c4 g6 2.Nf3 Bg7 3.Nc3 d6 4.d4 Nf6 5.g3 O-O 6.Bg2 Nc6 7.O-O a6 8.a3 e5 9.d5
Ne7 10.e4 b5 11.Re1 bxc4 12.Nd2 c6 13.dxc6 Nxc6 14.Nxc4 Nd4 15.Be3 Bg4 16.f3
Be6 17.Nd2 Re8 18.Rb1 Qa5 19.h3 Rec8 20.f4 Re8 21.Bf2 Qc7 {#R} 0-1

[Event "Czech League 1999/00 (2nd) (b) 1999/00"]
[Site "masterchessopen.com Czech Republic"]
[Round "0"]
[White "Hora Milan (CZE)"]
[Black "Voracek Miroslav (CZE)"]
[Result "1-0"]
[WhiteElo "2052"]
[BlackElo "2172"]

1.d4 Nf6 2.Nf3 g6 3.c4 Bg7 4.g3 O-O 5.Bg2 d6 6.O-O Nc6 7.Nc3 a6 8.e4 e5 9.d5
Ne7 10.b4 Nd7 11.Be3 f5 12.Ng5 Nf6 13.Qc2 h6 14.Ne6 Bxe6 15.dxe6 f4 16.gxf4
exf4 17.Bxf4 Ng4 18.Bg3 Nc6 19.Rad1 Nd4 20.Rxd4 Bxd4 21.Nd5 Re8 22.Qd1 h5
23.e7 Rxe7 24.Nxe7+ Qxe7 25.Qxd4 h4 26.e5 Nxe5 27.Bxh4 Qg7 28.Qd5+ Kh8 29.f4
Ng4 30.Qe6 {#r} 1-0

[Event "Ch Denmark (team) 1998/99"]
[Site "masterchessopen.com Denmark"]
[Round "6"]
[White "Pedersen Daniel Vesterbaek (DEN)"]
[Black "Borbjerggaard Lars (DEN)"]
[Result "1-0"]
[WhiteElo "2313"]
[BlackElo "2417"]

1.d4 Nf6 2.c4 g6 3.Nc3 Bg7 4.Nf3 O-O 5.g3 d6 6.Bg2 a6 7.O-O Nc6 8.Re1 Rb8
9.Rb1 Bf5 10.e4 Bg4 11.Be3 Re8 12.h3 Bxf3 13.Bxf3 e5 14.Ne2 exd4 15.Bxd4 Nxe4
16.Bxg7 Kxg7 17.Nd4 Ng5 18.Bxc6 Rxe1+ 19.Qxe1 bxc6 20.Qe3 Qf6 21.Nxc6 Rb7
22.h4 Ne6 23.b4 h6 24.a4 g5 25.hxg5 hxg5 26.Qe4 Qg6 27.Qxg6+ Kxg6 28.a5 f5
29.Re1 Ng7 30.b5 {#r} 1-0

[Event "Bundesliga (2nd) East 1998/99"]
[Site "masterchessopen.com Germany"]
[Round "0"]
[White "Neidhardt Claus-Ulrich (GER)"]
[Black "Rupp Markus (GER)"]
[Result "1-0"]
[WhiteElo "2424"]
[BlackElo "2232"]

1.d4 Nf6 2.Nf3 g6 3.c4 Bg7 4.g3 O-O 5.Bg2 d6 6.O-O a6 7.Nc3 Nc6 8.b3 Rb8 9.Bb2
b5 10.cxb5 axb5 11.Rc1 Bd7 12.Qc2 Qc8 13.e4 Qa6 14.e5 dxe5 15.dxe5 Ng4 16.Nd5
e6 17.Nf6+ Nxf6 18.exf6 Bh6 19.Rfd1 Nb4 20.Qe4 Nd5 21.Qh4 Bxc1 22.Rxc1 h5
23.Qg5 Kh7 24.Ne5 Qxa2 25.Ng4 {#r} 1-0

[Event "Ch Hessen (open)"]
[Site "masterchessopen.com Hessen (Germany)"]
[Round "7"]
[White "Lange Klaus (GER)"]
[Black "Bagaturov Giorgi (GEO)"]
[Result "0-1"]
[WhiteElo "2164"]
[BlackElo "2532"]

1.Nf3 Nf6 2.g3 g6 3.Bg2 Bg7 4.O-O O-O 5.d4 d6 6.c4 Nc6 7.Nc3 a6 8.h3 e5 9.e4
exd4 10.Nxd4 Nxd4 11.Qxd4 Be6 12.Qd3 Nd7 13.b3 Nc5 14.Qd2 a5 15.Bb2 a4 16.Nd5
Bxd5 17.exd5 axb3 18.Bxg7 Kxg7 19.axb3 Rxa1 20.Rxa1 Nxb3 21.Qb2+ Qf6 {#R} 0-1

[Event "It (open)"]
[Site "masterchessopen.com Koszalin (Poland)"]
[Round "8"]
[White "Marin Mihail (ROM)"]
[Black "Stryjecki Marek (POL)"]
[Result "1-0"]
[WhiteElo "2548"]
[BlackElo "2448"]

1.c4 g6 2.Nf3 Bg7 3.d4 d6 4.Nc3 Nf6 5.g3 O-O 6.Bg2 Nc6 7.O-O a6 8.h3 Bd7 9.e4
e5 10.Be3 exd4 11.Nxd4 Re8 12.Nxc6 bxc6 13.c5 d5 14.exd5 cxd5 15.Nxd5 Nxd5
16.Qxd5 Rb8 17.Rad1 Bb5 18.Qxd8 Rbxd8 19.Rxd8 Rxd8 20.Rb1 Be5 21.b3 f6 22.a4
Be8 23.Bb7 a5 24.b4 axb4 25.a5 b3 26.a6 b2 27.Bf4 Bc3 {#r} 1-0

[Event "Ch Slovenia (team) (juniors) (under 18)"]
[Site "masterchessopen.com Kranj (Slovenia)"]
[Round "0"]
[White "Pahor Milos (SLO)"]
[Black "Starcic Tadej (SLO)"]
[Result "0-1"]
[WhiteElo "2086"]
[BlackElo "2165"]

1.Nf3 Nf6 2.g3 g6 3.Bg2 Bg7 4.d4 O-O 5.O-O d6 6.c4 Nc6 7.Nc3 a6 8.h3 Rb8 9.e4
b5 10.Qe2 e5 11.d5 Nd4 12.Nxd4 exd4 13.Nb1 Re8 14.cxb5 Rxb5 15.Qd3 Nd7 16.Nd2
Nc5 17.Qc4 f5 18.a4 Rb8 19.f3 a5 20.Rd1 Ba6 21.Qa2 Qf6 22.exf5 Qxf5 23.Ne4 Nb3
24.g4 Qxd5 25.Bf4 Bc4 26.Rab1 Nc1 27.Nc3 Nxa2 28.Nxd5 Bxd5 {#R} 0-1

[Event "It (open)"]
[Site "masterchessopen.com La Coruna (Spain)"]
[Round "2"]
[White "Benito Alba Eladio (ESP)"]
[Black "Bazan Solera Manuel (ESP)"]
[Result "0-1"]
[WhiteElo "1786"]
[BlackElo "2010"]

1.d4 Nf6 2.c4 g6 3.Nc3 Bg7 4.g3 d6 5.Bg2 O-O 6.Nf3 Nc6 7.O-O a6 8.h3 Rb8 9.a4
Na5 10.Qd3 c5 11.dxc5 Nb3 12.Ra3 Bf5 13.Qd1 Nxc1 14.Qxc1 dxc5 15.Rd1 Qc8
16.Kh2 Be6 17.Nd5 Bxd5 18.cxd5 Ne4 19.Qe3 f5 20.Rb3 Qd7 21.Ne1 Qxa4 22.Bxe4
fxe4 23.Rc1 Bd4 24.Ra3 Bxe3 {#R} 0-1

[Event "It (active)"]
[Site "masterchessopen.com Lima (Peru)"]
[Round "2"]
[White "Ruiz Juan (CHI)"]
[Black "Lopez Dante (PER)"]
[Result "0-1"]
[WhiteElo "2075"]
[BlackElo "2205"]

1.d4 Nf6 2.Nf3 g6 3.g3 Bg7 4.Bg2 O-O 5.O-O d6 6.c4 Nc6 7.Nc3 a6 8.e4 Bg4 9.h3
Bxf3 10.Bxf3 e5 11.d5 Nd4 12.Bg2 c5 13.dxc6 bxc6 14.Be3 Rb8 15.b3 Nd7 16.Qd2
Qa5 17.Rac1 Nc5 18.Rb1 Qxc3 {#R} 0-1

[Event "Ch Poland (team) (2nd liga) North"]
[Site "masterchessopen.com Lublin (Poland)"]
[Round "3"]
[White "Grabarczyk Miroslaw (POL)"]
[Black "Kolosowski Pawel (POL)"]
[Result "1-0"]
[WhiteElo "2484"]
[BlackElo "2234"]

1.d4 Nf6 2.c4 g6 3.Nf3 Bg7 4.g3 O-O 5.Bg2 d6 6.Nc3 Nc6 7.O-O a6 8.b3 Rb8 9.Nd5
Ne4 10.Bb2 e6 11.Ne3 f5 12.Qc2 b5 13.a3 bxc4 14.Nxc4 Bd7 15.e3 Ne7 16.Nfd2
Nxd2 17.Nxd2 Nd5 18.Rac1 c6 19.Nc4 Qe7 20.b4 Rfc8 21.Qd2 Kh8 22.Rfd1 Be8
23.Na5 h6 24.e4 fxe4 25.Bxe4 Kh7 26.Re1 Qf8 27.Bd3 c5 28.Bxa6 Rd8 29.bxc5 dxc5
30.Rxc5 Rxb2 {#r} 1-0

[Event "It (open)"]
[Site "masterchessopen.com Paris (France)"]
[Round "8"]
[White "Mohebbi Jaffar (FRA)"]
[Black "Carrasco Patrick (FRA)"]
[Result "1-0"]
[WhiteElo "2292"]
[BlackElo "2116"]

1.d4 Nf6 2.Nf3 g6 3.c4 Bg7 4.g3 d6 5.Nc3 O-O 6.Bg2 Nc6 7.O-O a6 8.d5 Na5 9.Nd2
Rb8 10.b4 Nxd5 11.cxd5 Bxc3 12.Rb1 Bxd2 13.Qxd2 Nc4 14.Qc3 {#r} 1-0

[Event "It (open)"]
[Site "masterchessopen.com Passau (Germany)"]
[Round "4"]
[White "Merz Martin (GER)"]
[Black "Dunsbach Ralf Dr (GER)"]
[Result "0-1"]
[WhiteElo "2022"]
[BlackElo "2234"]

1.d4 Nf6 2.Nf3 g6 3.g3 Bg7 4.Bg2 O-O 5.O-O d6 6.c4 Nc6 7.Nc3 a6 8.h3 Rb8 9.a3
b5 10.cxb5 axb5 11.b4 e5 12.e3 exd4 13.exd4 Ne7 14.Bb2 c6 15.Re1 Ned5 16.Ng5
Nxc3 {#R} 0-1

[Event "Ch Pfalz (MAT II)"]
[Site "masterchessopen.com Pfalz (Germany)"]
[Round "4"]
[White "Bohne Lutz (GER)"]
[Black "Scherer Frank (GER)"]
[Result "0-1"]
[WhiteElo "2026"]
[BlackElo "2155"]

1.d4 Nf6 2.c4 g6 3.Nc3 Bg7 4.Nf3 O-O 5.g3 d6 6.Bg2 Nc6 7.O-O a6 8.h3 Rb8 9.a4
Na5 10.b3 c5 11.e3 Qb6 12.Ra3 Nc6 13.d5 Nb4 14.a5 Qd8 15.e4 Nd7 16.Na2 b5
17.Qe2 Ne5 18.Nxe5 Bxe5 19.Bh6 Re8 20.f4 Bd4+ 21.Kh1 bxc4 22.bxc4 Nxa2 23.Qxa2
Rb2 {#R} 0-1